000 00536nam a2200193Ia 4500
003 OSt
005 20250916110954.0
008 210210b1938 xxu||||| |||| 00| 0 eng d
040 _cAL
041 _aKannada
082 _a851/7
100 _aAMBIKATANAYADATTA
_9133651
_dಅಂಬಿಕಾತನಯದತ್ತ
245 _aNadalile
_bನಾದಲೀಲೆ
260 _aBengaluru
_bBengaluru Education trust.,
_c1938
650 _aDa Ra Bendre
_9133652
690 _aKannada Poetry
_9133653
906 _a018024
942 _2ddc
_cBK
999 _c113350
_d113350